000 00534nam a2200181 4500
001 5889
005 20230404125921.0
008 060907n1996 dr spa
020 _a908612524X
035 _9funglode5944
041 _aES
050 1 4 _a100 HD 4629 M395m 1996
100 _aMascareño, Carlos
245 1 _aMunicipalización de los Sociales en América Latina/Carlos Mascareño
260 _aCaracas :
_bCentro Latioamericano de Administración para el Desarrollo,
_c1996
300 _a83 p.
942 _2lcc
_cbk
999 _c7305
_d7305